000 00959nam1a22002531 4500
001 v19\rc\1929774
005 20260407005128.0
035 _a(NLR Aleph) 005015021
090 _a6528261
_c6528261
100 _a20251123 rusy50
101 0 _arus
102 _aRU
105 _ay z |||||
200 1 _aОтчет Общества устройства и благоустройства железнодорожного поселка при ст. "Застава 1-я" в Одессе...
210 _aОдесса
_d1912-1914
215 _d25
710 0 2 _aОбщество устройства и благоустройства ж.-д. поселка при ст. "Застава 1-я"
_cОдесса
_9489227
_3RU\NLR\AUTH\889996099
801 0 _aRU
_bNLR
_gpsbo
801 0 _aRU
_bRuMoRGB
_2psbo
801 1 _aRU
_bProSoft-M
_2rusmarc
852 _aNLR
_j18.302.8.47
899 _aRuMoRGB
_jС 30/253
_y(1910-1911, 1913)
942 _cBOOK
980 _aNB